000 00834cam a22002171a 4500
001 ca 17002706
003 DLC
005 20260227111105.0
008 720524s1874 nyu 000 0 eng
010 _aca 17002706
035 _a(OCoLC)317303
040 _aDLC
_cODaWU
_dPPiU
_dDLC
042 _apremarc
050 0 0 _aPE1121
_b.C35
100 1 _aCathcart, George R.
_q(George Rhett)
245 1 4 _aThe literary reader :
_btypical selections from the best British and American authors : from Shakespeare to the present time : chronologically arranged : with bibliographical and critical sketches and numerous notes, etc., etc. /
_cby George C. Cathcart.
260 _aNew York :
_bIvison, Blakeman, Taylor and Company,
_c1874.
300 _axiv, 426 p. ;
_c20 cm.
490 0 _aThe American educational series
650 0 _aReaders.
999 _c15201
_d15201